World Cup Group Stage Goalscorers 2010 - Statistics

General Stats
  • This quiz has been taken 7 times
  • The average score is 40 of 101
Answer Stats
Group Nation Score Player % Correct
G Portugal 6-0 Cristiano Ronaldo
100%
H Spain 1-0 David Villa
100%
H Spain 2-0 David Villa
100%
H Spain 1-0 David Villa
100%
G Ivory Coast 3-1 Didier Drogba
100%
A Uruguay 1-0 Diego Forlan
100%
A Uruguay 2-0 Diego Forlan
100%
A Uruguay 1-0 Luis Suarez
100%
D Germany 2-0 Miroslav Klose
100%
E Netherlands 1-0 Robin van Persie
100%
H Spain 2-0 Andres Iniesta
75%
C USA 1-1 Clint Dempsey
75%
B Argentina 2-0 Gonzalo Higuain
75%
B Argentina 3-1 Gonzalo Higuain
75%
B Argentina 4-1 Gonzalo Higuain
75%
A Mexico 1-0 Javier Hernandez
75%
C USA 2-1 Landon Donovan
75%
C USA 1-0 Landon Donovan
75%
B South Korea 2-0 Park Ji-sung
75%
F Slovakia 1-0 Robert Vittek
75%
F Slovakia 1-0 Robert Vittek
75%
F Slovakia 2-0 Robert Vittek
75%
E Cameroon 1-0 Samuel Eto'o
75%
E Cameroon 1-1 Samuel Eto'o
75%
C England 1-0 Steven Gerrard
75%
D Germany 3-0 Thomas Muller
75%
D Australia 1-0 Tim Cahill
75%
E Netherlands 1-0 Wesley Sneijder
75%
G Ivory Coast 1-0 Yaya Toure
75%
D Ghana 1-0 Asamoah Gyan
50%
D Ghana 1-1 Asamoah Gyan
50%
A Mexico 2-0 Cuauhtemoc Blanco
50%
E Netherlands 2-0 Dirk Kuyt
50%
G Brazil 2-0 Elano
50%
G Brazil 3-0 Elano
50%
F Italy 3-2 Fabio Quagliarella
50%
E Japan 1-0 Keisuke Honda
50%
E Japan 1-0 Keisuke Honda
50%
A South Africa 1-0 Lawrence Tshabalala
50%
G Brazil 1-0 Luis Fabiano
50%
G Brazil 2-0 Luis Fabiano
50%
D Germany 1-0 Lukas Podolski
50%
G Brazil 1-0 Maicon
50%
B Argentina 2-0 Martin Palermo
50%
D Germany 1-0 Mesut Ozil
50%
G Ivory Coast 3-0 Salomon Kalou
50%
E Japan 3-1 Shinji Okazaki
50%
B Nigeria 2-2 Yakubu
50%
A Uruguay 3-0 Alvaro Pereira
25%
F Italy 2-1 Antonio Di Natale
25%
A South Africa 1-0 Bongani Khumalo
25%
D Australia 1-0 Brett Holman
25%
D Australia 2-0 Brett Holman
25%
D Germany 4-0 Cacau
25%
F Italy 1-1 Daniele De Rossi
25%
B Greece 1-1 Dimitris Salpingidis
25%
A France 2-1 Florent Malouda
25%
B Argentina 1-0 Gabriel Heinze
25%
H Switzerland 1-0 Gelson Fernandes
25%
G Portugal 3-0 Hugo Almeida
25%
C England 1-0 Jermain Defoe
25%
E Denmark 2-1 Jon Dahl Tomasson
25%
A South Africa 2-0 Katlego Mphela
25%
B South Korea 2-1 Lee Chung-yong
25%
C USA 2-2 Michael Bradley
25%
A Mexico 1-1 Rafael Marquez
25%
F New Zealand 1-0 Shane Smeltz
25%
G Portugal 2-0 Simao
25%
G Portugal 4-0 Tiago
25%
G Portugal 7-0 Tiago
25%
B Greece 2-1 Vasilis Torosidis
25%
F New Zealand 1-1 Winston Reid
25%
E Japan 2-0 Yasuhito Endo
25%
F Paraguay 1-0 Antolin Alcaraz
0%
F Paraguay 2-0 Cristian Riveros
0%
E Denmark (OG) 1-0 Daniel Agger
0%
E Denmark 2-1 Dennis Rommedahl
0%
F Paraguay 1-0 Enrique Vera
0%
H Chile 1-0 Jean Beausejour
0%
G North Korea 2-1 Ji Yun-nam
0%
B Nigeria 1-0 Kalu Uche
0%
B Nigeria 1-0 Kalu Uche
0%
F Slovakia 3-1 Kamil Kopunek
0%
E Netherlands 2-1 Klaas-Jan Huntelaar
0%
B South Korea 1-0 Lee Jung-soo
0%
B South Korea 1-1 Lee Jung-soo
0%
G Portugal 5-0 Liedson
0%
H Chile 1-0 Mark Gonzalez
0%
D Serbia 2-1 Marko Pantelic
0%
B Argentina 1-0 Martin Demichelis
0%
D Serbia 1-0 Milan Jovanovic
0%
E Denmark 1-1 Nicklas Bendtner
0%
B South Korea (OG) 1-0 Park Chu-young
0%
B South Korea 2-1 Park Chu-young
0%
G Portugal 1-0 Raul Meireles
0%
C Slovenia 1-0 Robert Koren
0%
H Chile 2-1 Rodrigo Millar
0%
G Ivory Coast 2-0 Romaric
0%
C Slovenia 1-0 Valter Birsa
0%
F Italy 1-1 Vincenzo Iaquinta
0%
C Slovenia 2-0 Zlatan Ljubijankic
0%
No matching quizzes found
Score Distribution
Percent of People with Each Score
Percentile by Number Answered
Your Score History
You have not taken this quiz